Analýza bezpečnostných požiadaviek koncepcie nakladača LOCUST 904
Gespeichert in:
| 1. Verfasser: | |
|---|---|
| Weitere Verfasser: | |
| Format: | Manuskript Buch |
| Sprache: | Slowakisch |
| Veröffentlicht: |
2023
|
| Schlagworte: | |
| Online-Zugang: | http://is.stuba.sk/zp/portal_zp.pl?podrobnosti=171408 |
| Tags: |
Keine Tags, Fügen Sie das erste Tag hinzu!
|
MARC
| LEADER | 00000ntm a22000003a 4500 | ||
|---|---|---|---|
| 001 | stuzp94640 | ||
| 003 | SK-STU | ||
| 005 | 20240424130454.8 | ||
| 007 | ta | ||
| 008 | 150427s2015----xo-----f-mn---000-0-slo-d | ||
| 040 | |a STU |b slo | ||
| 041 | 0 | |a slo | |
| 100 | 1 | |a Hollý, Samuel |u 020030 |4 aut |U SjF Strojnícka fakulta |T SjF Ústav dopravnej techniky a konštruovania |X 92830 |U J0030 |Y 806 |7 92830 | |
| 242 | 0 | 1 | |a Analysis of the safety requirements of the LOCUST 904 loader concept |y eng |
| 245 | 1 | 0 | |a Analýza bezpečnostných požiadaviek koncepcie nakladača LOCUST 904 |
| 260 | |c 2023 | ||
| 650 | 4 | |a bezpečnosť |2 slo | |
| 650 | 4 | |a analýza |2 slo | |
| 650 | 4 | |a zorné pole |2 slo | |
| 650 | 4 | |a nakladač |2 slo | |
| 650 | 4 | |a view |2 eng | |
| 650 | 4 | |a loader |2 eng | |
| 650 | 4 | |a analysis |2 eng | |
| 650 | 4 | |a safety |2 eng | |
| 700 | 1 | |a Slovák, Pavol |u 020030 |k Z1 |4 ths |U SjF Strojnícka fakulta |T SjF Ústav dopravnej techniky a konštruovania |X 2338 |U J0030 |Y 806 |7 A000002338 | |
| 856 | 4 | |u http://is.stuba.sk/zp/portal_zp.pl?podrobnosti=171408 | |
| 996 | |b 284J047521 |c J* 3643/DDP |l JJSK |s A |a 24 |w stuzp94640_0001 | ||